[Event "19th Asia-ch (w)"]
[Site "Al-Ain UAE"]
[Date "2015.08.05"]
[Round "4.1"]
[White "Aulia, Medina Warda"]
[Black "Pourkashiyan, Atousa"]
[Result "1/2-1/2"]
[WhiteElo "2412"]
[BlackElo "2341"]
[EventDate "2015.08.02"]
[PlyCount "64"]

1.e4 e5 2.Nf3 Nc6 3.Nc3 Nf6 4.d4 exd4 5.Nxd4 Bb4 6.Nxc6 bxc6 7.Bd3 d5 8.
exd5 cxd5 9.O-O O-O 10.h3 h6 11.Qf3 Re8 12.Bf4 c6 13.Rfe1 Be6 14.a3 Bd6 
15.b4 Bxf4 16.Qxf4 Qb8 17.Qh4 a5 18.Na4 axb4 19.axb4 Bd7 20.Nc5 Rxa1 21.
Rxa1 Qe5 22.Ra6 Rb8 23.Nxd7 Nxd7 24.Rxc6 Qe1+ 25.Kh2 Ne5 26.Rd6 Nxd3 27.
Rd8+ Rxd8 28.Qxd8+ Kh7 29.cxd3 Qxb4 30.Qxd5 Qf4+ 31.Kg1 Qc1+ 32.Kh2 Qf4+ 
1/2-1/2

[Event "19th Asia-ch (w)"]
[Site "Al-Ain UAE"]
[Date "2015.08.05"]
[Round "4.2"]
[White "Soumya, Swaminathan"]
[Black "Saduakasova, Dinara"]
[Result "1/2-1/2"]
[WhiteElo "2325"]
[BlackElo "2401"]
[EventDate "2015.08.02"]
[PlyCount "58"]

1.d4 f5 2.Nf3 Nf6 3.c4 e6 4.Nc3 Bb4 5.Qb3 Qe7 6.a3 Bxc3+ 7.Qxc3 b6 8.Bf4 
d6 9.g3 Bb7 10.Bg2 Nbd7 11.O-O O-O 12.b4 Rfe8 13.Rfe1 Rab8 14.Qc2 Ne4 15.
Nd2 Ndf6 16.Nxe4 Bxe4 17.Bxe4 Nxe4 18.f3 Nf6 19.e4 fxe4 20.fxe4 e5 21.dxe5
dxe5 22.Bg5 h6 23.Bxf6 Qxf6 24.Rad1 Rbd8 25.Rf1 Rxd1 26.Rxd1 Rf8 27.Qe2 
Qf3 28.Qxf3 Rxf3 29.Rd7 Rxa3 1/2-1/2

[Event "19th Asia-ch (w)"]
[Site "Al-Ain UAE"]
[Date "2015.08.05"]
[Round "4.3"]
[White "Vijayalakshmi, Subbaraman"]
[Black "Zhang Xiaowen"]
[Result "1-0"]
[WhiteElo "2341"]
[BlackElo "2376"]
[EventDate "2015.08.02"]
[PlyCount "105"]

1.d4 Nf6 2.c4 g6 3.Nf3 Bg7 4.g3 O-O 5.Bg2 d6 6.O-O Nbd7 7.Nc3 e5 8.e4 c6 
9.h3 Qb6 10.Re1 exd4 11.Nxd4 Ng4 12.Nce2 Nge5 13.b3 Nc5 14.Be3 a5 15.Rb1 
Re8 16.Qd2 Qc7 17.Red1 a4 18.f4 Ned7 19.Nc3 axb3 20.axb3 Nf6 21.Qc2 Nfxe4 
22.Bxe4 Nxe4 23.Nxe4 f5 24.Nxd6 Rxe3 25.Kf2 Re7 26.Nf3 Be6 27.Rd2 Rd8 28.
Rbd1 Red7 29.Ng5 Qb6+ 30.Kf1 Bd5 31.Nxf5 gxf5 32.cxd5 Qb5+ 33.Qc4 Qxc4+ 
34.bxc4 cxd5 35.cxd5 Rd6 36.Ke2 b5 37.g4 b4 38.gxf5 Rf6 39.Ne6 Rd6 40.Rg1 
Rd7 41.d6 Rff7 42.f6 Rxf6 43.Nxg7 Kf7 44.Nh5 Re6+ 45.Kd1 Kf8 46.Rg7 Rdxd6 
47.Rxh7 Rxd2+ 48.Kxd2 b3 49.Rb7 Rh6 50.Rb5 Kf7 51.Kc3 Kg6 52.Rg5+ Kf7 53.
Kxb3 1-0

[Event "19th Asia-ch (w)"]
[Site "Al-Ain UAE"]
[Date "2015.08.05"]
[Round "4.4"]
[White "Gomes, Mary Ann"]
[Black "Shen Yang"]
[Result "1/2-1/2"]
[WhiteElo "2314"]
[BlackElo "2443"]
[EventDate "2015.08.02"]
[PlyCount "131"]

1.Nf3 d5 2.c4 d4 3.g3 c5 4.Bg2 Nc6 5.d3 e5 6.O-O Nf6 7.e3 Be7 8.exd4 cxd4 
9.Re1 Nd7 10.Na3 O-O 11.Nc2 Re8 12.a3 a5 13.Bd2 f5 14.b4 Bf6 15.b5 Ne7 16.
Bg5 Ng6 17.Bxf6 gxf6 18.Qe2 Re7 19.h4 Rg7 20.h5 Ne7 21.h6 Rf7 22.Nh4 Qf8 
23.Qh5 Nc5 24.Rad1 Ne6 25.Bd5 Nxd5 26.cxd5 Ng5 27.Nxd4 Qc5 28.Ne6 Nh3+ 29.
Kh2 Qxd5 30.Kxh3 Qxe6 31.f4 Bd7 32.d4 e4 33.d5 Qe8 34.Nxf5 Qc8 35.g4 Qc2 
36.Ne3 Qf2 37.f5 Rc8 38.Qh4 Qf4 39.Qg3 Qxh6+ 40.Kg2 Bxb5 41.Rc1 Rd8 42.Rc5
Bd3 43.Rec1 Be2 44.Kf2 Bf3 45.Rxa5 b6 46.Rb5 Rg7 47.Rxb6 Rgd7 48.g5 Qxg5 
49.Qxg5+ fxg5 50.Rg1 g4 51.Nxg4 Bxg4 52.Rxg4+ Kf8 53.d6 Rxd6 54.Rxd6 Rxd6 
55.Rxe4 Ra6 56.a4 Kf7 57.Rh4 h5 58.Ke3 Kf6 59.Rf4 Ra5 60.Kf3 Ra8 61.Kg3 
Ra7 62.Kh4 Rh7 63.Rf1 Ra7 64.Rf4 Rh7 65.Rf1 Ra7 66.Rf4 1/2-1/2

[Event "19th Asia-ch (w)"]
[Site "Al-Ain UAE"]
[Date "2015.08.05"]
[Round "4.5"]
[White "Padmini, Rout"]
[Black "Kurbonboeva, Sarvinoz"]
[Result "1-0"]
[WhiteElo "2444"]
[BlackElo "2264"]
[EventDate "2015.08.02"]
[PlyCount "145"]

1.e4 e5 2.Nf3 Nf6 3.d4 Nxe4 4.Bd3 d5 5.Nxe5 Nd7 6.Nxd7 Bxd7 7.O-O Bd6 8.
Nc3 Nxc3 9.bxc3 O-O 10.Qh5 f5 11.Re1 Qf6 12.Qf3 c6 13.Bf4 Rae8 14.Qg3 Ba3 
15.Rxe8 Rxe8 16.Be5 Qf7 17.c4 f4 18.Qh4 h6 19.cxd5 cxd5 20.Rb1 Rxe5 21.
dxe5 Be7 22.Bg6 Bxh4 23.Bxf7+ Kxf7 24.Rxb7 Ke6 25.Rxa7 Be7 26.a4 Bc5 27.
Rc7 Bd4 28.c4 Bxa4 29.cxd5+ Kxd5 30.Rxg7 Bxe5 31.Rh7 Ke6 32.Rxh6+ Kf5 33.
Ra6 Bd7 34.Ra5 Kf6 35.g3 f3 36.Ra3 Bg4 37.h3 Bxh3 38.Rxf3+ Kg5 39.Rf8 Bd4 
40.Kh2 Be6 41.Kg2 Bc5 42.Re8 Bd5+ 43.f3 Kf5 44.Rc8 Ba3 45.Rc7 Bd6 46.Rh7 
Ba3 47.Rh5+ Ke6 48.Rh6+ Ke5 49.g4 Bb4 50.Rh5+ Ke6 51.Kf2 Bd6 52.Rh6+ Ke7 
53.Kg2 Bf4 54.Ra6 Bd6 55.Kf2 Bb7 56.Ra5 Ke6 57.Ke3 Bc7 58.Rb5 Bc6 59.Rb1 
Bd6 60.Rc1 Kd5 61.f4 Ba3 62.Rc2 Bc5+ 63.Kf3 Kd4+ 64.Kg3 Be4 65.Rc1 Bb4 66.
g5 Ke3 67.Kg4 Bd3 68.Rc6 Bf8 69.Re6+ Be4 70.f5 Kd4 71.g6 Bh6 72.Rxe4+ Kxe4
73.f6 1-0

[Event "19th Asia-ch (w)"]
[Site "Al-Ain UAE"]
[Date "2015.08.05"]
[Round "4.6"]
[White "Lei Tingjie"]
[Black "Mohota, Nisha"]
[Result "1-0"]
[WhiteElo "2436"]
[BlackElo "2259"]
[EventDate "2015.08.02"]
[PlyCount "131"]

1.Nf3 d5 2.g3 c6 3.Bg2 Bg4 4.c4 e6 5.cxd5 Bxf3 6.Bxf3 cxd5 7.O-O Nf6 8.d4 
Nc6 9.e3 Bd6 10.Nc3 Rc8 11.Bd2 O-O 12.Qe2 a6 13.Rac1 b5 14.Rfd1 Qb6 15.Be1
Rc7 16.Qd3 Rfc8 17.Qb1 h6 18.Kg2 Ne7 19.Ne2 Nf5 20.Rxc7 Rxc7 21.Qd3 b4 22.
Rc1 a5 23.Rxc7 Bxc7 24.Qc2 g5 25.Nc1 g4 26.Be2 h5 27.Nb3 h4 28.Qd1 hxg3 
29.hxg3 Bxg3 30.Kg1 Bb8 31.Bxg4 Nxg4 32.Qxg4+ Kf8 33.Kf1 Bd6 34.Kg2 a4 35.
Nc5 Qb5 36.Kg1 b3 37.a3 Qc4 38.Bb4 Qc1+ 39.Kg2 Qxb2 40.Qg5 Bxc5 41.Bxc5+ 
Ke8 42.Qg8+ Kd7 43.Qxf7+ Kc6 44.Qxe6+ Kb5 45.Qxf5 Qe2 46.Be7 Qc4 47.e4 b2 
48.exd5 Qb3 49.d6+ Ka6 50.Qc8+ Kb5 51.Qf5+ Ka6 52.d7 b1=Q 53.Qxb1 Qxb1 54.
d8=Q Qe4+ 55.Kg3 Qg6+ 56.Kf4 Qh6+ 57.Bg5 Qh2+ 58.Ke3 Qh3+ 59.f3 Qe6+ 60.
Kf4 Qb3 61.Qd6+ Ka7 62.Be7 Qf7+ 63.Ke4 Qe8 64.d5 Qh5 65.Qc7+ Ka8 66.Qc6+ 
1-0

[Event "19th Asia-ch (w)"]
[Site "Al-Ain UAE"]
[Date "2015.08.05"]
[Round "4.7"]
[White "Enkhtuul, Altanulzii"]
[Black "Khademalsharieh, Sarasadat"]
[Result "1/2-1/2"]
[WhiteElo "2269"]
[BlackElo "2412"]
[EventDate "2015.08.02"]
[PlyCount "61"]

1.d4 Nf6 2.Nf3 b6 3.g3 Bb7 4.Bg2 g6 5.O-O Bg7 6.c3 O-O 7.Nbd2 c5 8.Qc2 Qc7
9.e4 cxd4 10.Nxd4 d6 11.Re1 Nbd7 12.N2b3 a6 13.a4 Rac8 14.Bg5 h6 15.Bxf6 
Nxf6 16.Qe2 Nd7 17.Nc2 Nc5 18.Nxc5 bxc5 19.Ne3 a5 20.h4 e6 21.h5 g5 22.
Red1 Rcd8 23.Rd2 Kh8 24.Qc4 Rd7 25.Rad1 Rb8 26.Qa2 Bc6 27.Nc4 Rbd8 28.Ne3 
Qb8 29.Nc4 Qc7 30.Ne3 Qb8 31.Nc4 1/2-1/2

[Event "19th Asia-ch (w)"]
[Site "Al-Ain UAE"]
[Date "2015.08.05"]
[Round "4.8"]
[White "Kulkarni, Bhakti Pradip"]
[Black "Karavade, Eesha"]
[Result "0-1"]
[WhiteElo "2262"]
[BlackElo "2409"]
[EventDate "2015.08.02"]
[PlyCount "46"]

1.d4 d5 2.c4 c6 3.cxd5 cxd5 4.Bf4 Nc6 5.Nc3 e5 6.Bxe5 Nxe5 7.dxe5 d4 8.
Qa4+ b5 9.Nxb5 Bd7 10.Qa6 Bb4+ 11.Kd1 Rb8 12.Na3 Ne7 13.Nf3 O-O 14.Rc1 Rb6
15.Qc4 Bxa3 16.bxa3 Rc6 17.Qxd4 Rxc1+ 18.Kxc1 Qc7+ 19.Kd1 Rc8 20.Qb2 Ba4+ 
21.Ke1 Rb8 22.Qa1 Qa5+ 23.Nd2 Bc2 0-1

[Event "19th Asia-ch (w)"]
[Site "Al-Ain UAE"]
[Date "2015.08.05"]
[Round "4.9"]
[White "Davletbaeva, Madina"]
[Black "Zhai Mo"]
[Result "1-0"]
[WhiteElo "2243"]
[BlackElo "2406"]
[EventDate "2015.08.02"]
[PlyCount "103"]

1.e4 c5 2.Nf3 d6 3.Bb5+ Nc6 4.O-O Bd7 5.Re1 Nf6 6.c3 a6 7.Bf1 Bg4 8.h3 
Bxf3 9.Qxf3 e6 10.Qg3 Nh5 11.Qe3 Nf6 12.d4 d5 13.e5 Ne4 14.Nd2 Nxd2 15.
Bxd2 cxd4 16.cxd4 Qb6 17.Bc3 Bb4 18.a3 Bxc3 19.bxc3 O-O 20.Rab1 Qc7 21.Qg5
Ne7 22.Re3 b5 23.Bd3 Ng6 24.h4 Qd8 25.Qh5 Rc8 26.Rb3 Qe7 27.g3 Rc6 28.Qg4 
f5 29.exf6 Qxf6 30.Qe2 Ne7 31.a4 bxa4 32.Ra3 Nf5 33.Bxf5 Qxf5 34.Rxa4 Qb1+
35.Kg2 Rb6 36.Rb4 Rxb4 37.cxb4 e5 38.Rxe5 Qxb4 39.Rxd5 Qb7 40.Qe6+ Kh8 41.
Qe4 h6 42.f3 Qb2+ 43.Kh3 Qc3 44.f4 Qc1 45.h5 Qf1+ 46.Kg4 Qd1+ 47.Kh4 Qa4 
48.Re5 a5 49.f5 Qa3 50.Re8 Qb4 51.f6 Qd6 52.Qe5 1-0

[Event "19th Asia-ch (w)"]
[Site "Al-Ain UAE"]
[Date "2015.08.05"]
[Round "4.10"]
[White "Li Ruofan"]
[Black "Nguyen Thi Mai Hung"]
[Result "1-0"]
[WhiteElo "2374"]
[BlackElo "2227"]
[EventDate "2015.08.02"]
[PlyCount "178"]

1.d4 d5 2.c4 c6 3.cxd5 cxd5 4.Bf4 Nc6 5.e3 Nf6 6.Nc3 Bf5 7.Qb3 Na5 8.Qa4+ 
Bd7 9.Qc2 e6 10.h3 Rc8 11.Bd3 Bb4 12.Nf3 Nc4 13.a3 Be7 14.O-O O-O 15.Ne5 
b5 16.Qe2 a6 17.Rfc1 Be8 18.a4 Qb6 19.axb5 axb5 20.b3 Nd6 21.Nd1 Rxc1 22.
Rxc1 Nb7 23.Qc2 Bd6 24.Nc3 h6 25.Qe2 b4 26.Nb5 Ne4 27.f3 Bxb5 28.fxe4 Bxd3
29.Qxd3 Bxe5 30.Bxe5 Ra8 31.Kh2 Nd6 32.exd5 exd5 33.Rc5 Ne4 34.Rxd5 Qg6 
35.Qc2 Qf5 36.Rb5 Kh7 37.Rb8 Ra3 38.Re8 Ra1 39.Qc8 Qxc8 40.Rxc8 Rb1 41.d5 
Rxb3 42.Rc7 f6 43.Bd4 Rd3 44.Re7 Nd6 45.Bxf6 Nf5 46.Rb7 Kg6 47.Bb2 Rxe3 
48.Rb6+ Kf7 49.Rxb4 Rd3 50.Rb5 h5 51.Rb7+ Kg6 52.g4 hxg4 53.hxg4 Rd2+ 54.
Kh1 Ng3+ 55.Kg1 Rxd5 56.Rxg7+ Kh6 57.Rb7 Kg5 58.Kg2 Kxg4 59.Rb4+ Kg5 60.
Kxg3 Rd3+ 61.Kf2 Kf5 62.Bd4 Rh3 63.Be3 Rh7 64.Bf4 Rh1 65.Kf3 Rf1+ 66.Ke3 
Re1+ 67.Kd3 Re6 68.Be3 Re5 69.Rf4+ Ke6 70.Bd4 Rf5 71.Rh4 Kd5 72.Be3 Re5 
73.Ra4 Rf5 74.Bf4 Rf7 75.Ra5+ Kc6 76.Be5 Rf1 77.Kc4 Rc1+ 78.Bc3 Rb1 79.
Rc5+ Kd6 80.Rf5 Rc1 81.Rf6+ Ke7 82.Ra6 Kd7 83.Kd4 Rc2 84.Bb4 Rc6 85.Ra2 
Ke6 86.Re2+ Kf5 87.Kd5 Rc8 88.Bd6 Rc1 89.Rf2+ Kg5 1-0

[Event "19th Asia-ch (w)"]
[Site "Al-Ain UAE"]
[Date "2015.08.05"]
[Round "4.11"]
[White "Nguyen Thi Thanh An"]
[Black "Wang Jue"]
[Result "0-1"]
[WhiteElo "2219"]
[BlackElo "2360"]
[EventDate "2015.08.02"]
[PlyCount "94"]

1.d4 Nf6 2.c4 g6 3.Nc3 Bg7 4.e4 O-O 5.Be3 d6 6.f3 e5 7.d5 Nh5 8.Qd2 f5 9.
exf5 gxf5 10.Bd3 Na6 11.Nge2 Qe8 12.O-O-O Nc5 13.Bc2 a6 14.Bh6 Kh8 15.
Bxg7+ Nxg7 16.h4 b5 17.h5 f4 18.b4 Na4 19.Nxa4 bxa4 20.Rde1 Qf7 21.Bxa4 
Nf5 22.Nc3 Rg8 23.Rh2 Rb8 24.a3 Nd4 25.Ne2 Nf5 26.Nc3 Qg7 27.h6 Qg3 28.
Reh1 Ne3 29.Ne4 Qg6 30.Qc3 Bf5 31.Bc2 Qf7 32.Rg1 Rg6 33.Bd3 Rbg8 34.g4 
fxg3 35.Re2 Bxe4 36.Bxe4 Nf5 37.Reg2 Rxh6 38.Qd3 Nd4 39.Qe3 Rh2 40.Kd2 Qf6
41.Kc3 Rxg2 42.Rxg2 h5 43.f4 h4 44.fxe5 dxe5 45.Bd3 Rg4 46.Kd2 Qf4 47.c5 
h3 0-1

[Event "19th Asia-ch (w)"]
[Site "Al-Ain UAE"]
[Date "2015.08.05"]
[Round "4.12"]
[White "Nakhbaeva, Guliskhan"]
[Black "Pratyusha, Bodda"]
[Result "0-1"]
[WhiteElo "2327"]
[BlackElo "2194"]
[EventDate "2015.08.02"]
[PlyCount "116"]

1.d4 d5 2.c4 c6 3.Nc3 Nf6 4.e3 e6 5.Nf3 Nbd7 6.Qc2 Bd6 7.b3 b6 8.Be2 Bb7 
9.O-O O-O 10.Bb2 Rc8 11.Rad1 Qe7 12.Rfe1 Bb4 13.Bf1 h6 14.a3 Bd6 15.g3 c5 
16.dxc5 Nxc5 17.cxd5 Nxd5 18.Nh4 Nd7 19.Qd2 Bxa3 20.Nxd5 Bxd5 21.Bxa3 Qxa3
22.e4 Bc6 23.Ra1 Qe7 24.Rxa7 Ra8 25.Rea1 g5 26.Ng2 Ne5 27.Qc3 Rxa7 28.Rxa7
Qxa7 29.Qxe5 Qa5 30.Qf6 Bxe4 31.Qxh6 Qf5 32.Ne3 Qg6 33.Qh3 Kg7 34.Qg4 Rd8 
35.h3 Rd2 36.Nc4 f5 37.Qxe4 fxe4 38.Nxd2 e3 39.fxe3 Qc2 40.Nf3 Qxb3 41.Kf2
b5 42.Nd4 Qa2+ 43.Kf3 b4 44.Bd3 e5 45.Nc6 Qd5+ 46.Be4 Qd1+ 47.Kf2 Qd2+ 48.
Kf3 Qc3 49.h4 g4+ 50.Kxg4 Qxe3 51.Kf5 b3 52.Nxe5 Qxg3 53.Nc4 Qf2+ 54.Ke5 
b2 55.Kd5 Qf7+ 56.Kd4 Qf6+ 57.Kd5 Qc3 58.h5 Qb3 0-1

[Event "19th Asia-ch (w)"]
[Site "Al-Ain UAE"]
[Date "2015.08.05"]
[Round "4.13"]
[White "Hejazipour, Mitra"]
[Black "Hong Xing"]
[Result "1-0"]
[WhiteElo "2321"]
[BlackElo "1882"]
[EventDate "2015.08.02"]
[PlyCount "51"]

1.d4 Nf6 2.Nf3 c5 3.d5 b5 4.Bg5 Ne4 5.Bf4 Qa5+ 6.c3 Bb7 7.Qd3 f5 8.Nfd2 c4
9.Qh3 Bxd5 10.Qxf5 Nf6 11.e4 Be6 12.Qe5 Nc6 13.Na3 a6 14.Nc2 g6 15.a4 Rc8 
16.axb5 Qxb5 17.Qxb5 axb5 18.Na3 Ra8 19.Be2 d5 20.O-O b4 21.Nb5 Rxa1 22.
Rxa1 bxc3 23.bxc3 Nxe4 24.Nc7+ Kd7 25.Nxe4 dxe4 26.Rd1+ 1-0

[Event "19th Asia-ch (w)"]
[Site "Al-Ain UAE"]
[Date "2015.08.05"]
[Round "4.14"]
[White "Hakimifard, Raana"]
[Black "Dauletova, Gulmira"]
[Result "1/2-1/2"]
[WhiteElo "2084"]
[BlackElo "2278"]
[EventDate "2015.08.02"]
[PlyCount "73"]

1.e4 c5 2.Nf3 e6 3.d4 cxd4 4.Nxd4 a6 5.Bd3 Ne7 6.O-O Nbc6 7.Nxc6 Nxc6 8.
Nc3 Be7 9.f4 b5 10.Qg4 O-O 11.a4 b4 12.Ne2 f6 13.Rf3 d5 14.Rg3 Rf7 15.Qf3 
f5 16.exf5 exf5 17.Be3 Bf6 18.c3 bxc3 19.bxc3 Qa5 20.Bd2 Be6 21.Qe3 Re7 
22.Bc2 Rc8 23.Qd3 Qc5+ 24.Be3 d4 25.cxd4 Nb4 26.dxc5 Nxd3 27.Bd4 Bxd4+ 28.
Nxd4 Nxf4 29.Nxe6 Nxe6 30.Bxf5 Rxc5 31.Bd3 Nc7 32.Rf3 g6 33.Raf1 Kg7 34.
Rf6 Rc3 35.Bb1 Nd5 36.R6f2 Rc4 37.Bc2 1/2-1/2

[Event "19th Asia-ch (w)"]
[Site "Al-Ain UAE"]
[Date "2015.08.05"]
[Round "4.15"]
[White "Li Yunshan"]
[Black "Tan Zhongyi"]
[Result "0-1"]
[WhiteElo "1835"]
[BlackElo "2512"]
[EventDate "2015.08.02"]
[PlyCount "114"]

1.d4 d5 2.c4 e6 3.Nf3 Nf6 4.g3 dxc4 5.Bg2 a6 6.O-O Nc6 7.e3 Bd7 8.Qe2 b5 
9.a4 Rb8 10.axb5 axb5 11.b3 cxb3 12.Nbd2 Bd6 13.Nxb3 O-O 14.Bb2 Qe7 15.
Rfc1 Ra8 16.Rxa8 Rxa8 17.Ne5 Bxe5 18.Bxc6 Bxc6 19.dxe5 Bd5 20.exf6 gxf6 
21.Nc5 c6 22.Qg4+ Kh8 23.Nd3 e5 24.Qb4 Qe6 25.Ra1 Rxa1+ 26.Bxa1 Kg7 27.e4 
Bc4 28.Nb2 Be2 29.Qd2 Bf3 30.Qe3 Qg4 31.h3 Qxe4 32.Qxe4 Bxe4 33.Kf1 h5 34.
h4 c5 35.Ke2 c4 36.Kd2 Kg6 37.Nd1 b4 38.Ke3 Kf5 39.Ke2 Bd3+ 40.Ke3 Bc2 41.
Nb2 Bb3 42.f3 Ke6 43.Ke2 f5 44.Nxc4 Bxc4+ 45.Ke3 Kd5 46.Bb2 Bb3 47.Ba1 Bd1
48.Bb2 e4 49.fxe4+ fxe4 50.Bf6 Bf3 51.Kd2 Kc4 52.Be5 Kb3 53.Bd6 Bg4 54.Be7
e3+ 55.Kxe3 Kc3 56.Bf6+ Kc2 57.Be5 b3 0-1

[Event "19th Asia-ch (w)"]
[Site "Al-Ain UAE"]
[Date "2015.08.05"]
[Round "4.16"]
[White "Tania, Sachdev"]
[Black "Asgarizadeh, Minoo"]
[Result "0-1"]
[WhiteElo "2390"]
[BlackElo "2180"]
[EventDate "2015.08.02"]
[PlyCount "88"]

1.d4 Nf6 2.c4 g6 3.Nc3 Bg7 4.e4 d6 5.f3 O-O 6.Nge2 c5 7.d5 e6 8.Ng3 exd5 
9.cxd5 a6 10.a4 h5 11.Bg5 Qe8 12.Qd2 Nh7 13.Bh4 f5 14.Bd3 Nd7 15.Nge2 Ne5 
16.O-O g5 17.Bf2 f4 18.Kh1 g4 19.Ng1 Bd7 20.Be2 Ng5 21.Bh4 Bh6 22.Qc2 Ng6 
23.Be1 Ne5 24.a5 h4 25.fxg4 h3 26.Bd2 hxg2+ 27.Kxg2 Ng6 28.Kh1 Bg7 29.Nf3 
Nh3 30.Nd1 Bxg4 31.Nf2 Bxf3+ 32.Bxf3 Ng5 33.Bh5 Kh7 34.Rg1 Kh6 35.h4 Kxh5 
36.hxg5 Nh4 37.e5 Nf5 38.Bxf4 Kg6 39.e6 Rh8+ 40.Kg2 Rh4 41.Bg3 Rc4 42.Qb1 
Qb5 43.Kh1 Rb4 44.Nd3 Rd4 0-1

[Event "19th Asia-ch (w)"]
[Site "Al-Ain UAE"]
[Date "2015.08.05"]
[Round "4.17"]
[White "Pham Le Thao Nguyen"]
[Black "Otgonjargal, Sengeravdan"]
[Result "1-0"]
[WhiteElo "2332"]
[BlackElo "2213"]
[EventDate "2015.08.02"]
[PlyCount "112"]

1.e4 e5 2.Nf3 Nc6 3.Bc4 Be7 4.O-O d6 5.Re1 Nf6 6.h3 O-O 7.d4 Re8 8.Nc3 h6 
9.Bb5 Bd7 10.d5 Nb8 11.Bd3 c6 12.Nd2 Bc8 13.a4 Nbd7 14.Nc4 Nf8 15.Bf1 cxd5
16.Nxd5 Nxd5 17.Qxd5 Ng6 18.Ne3 Qc7 19.Qd1 Nf4 20.a5 Qc6 21.c4 Be6 22.Nd5 
Bxd5 23.cxd5 Qd7 24.Be3 a6 25.b4 Rec8 26.Qb3 Bd8 27.Reb1 f5 28.Bxf4 exf4 
29.Qd3 Bf6 30.Ra3 Rc7 31.exf5 Be5 32.Qe4 Rf8 33.Bd3 Qc8 34.Qe1 Rc3 35.Rab3
Qc7 36.Rxc3 Qxc3 37.Qe4 Qd2 38.b5 Rc8 39.bxa6 Rc1+ 40.Rxc1 Qxc1+ 41.Kh2 
bxa6 42.f6 gxf6 43.Qh7+ Kf8 44.Bg6 f3+ 45.g3 Bxg3+ 46.Kxg3 Qg5+ 47.Kxf3 
Qxd5+ 48.Be4 Qh5+ 49.Kg2 Qg5+ 50.Kf1 Qxa5 51.Qxh6+ Kf7 52.Qg6+ Ke7 53.Qf5 
Qa1+ 54.Kg2 a5 55.Bc6 Qa3 56.Qd7+ Kf8 1-0

[Event "19th Asia-ch (w)"]
[Site "Al-Ain UAE"]
[Date "2015.08.05"]
[Round "4.18"]
[White "Le Kieu Thien Kim"]
[Black "Al-Shaibi, Boshra"]
[Result "1-0"]
[WhiteElo "2226"]
[BlackElo "1987"]
[EventDate "2015.08.02"]
[PlyCount "41"]

1.d4 Nf6 2.Bg5 g6 3.e3 Bg7 4.Nd2 O-O 5.h4 d6 6.Be2 c5 7.c3 cxd4 8.exd4 Qc7
9.h5 e5 10.dxe5 dxe5 11.hxg6 fxg6 12.Qb3+ Kh8 13.O-O-O Nbd7 14.Ngf3 Nc5 
15.Qa3 Bf5 16.Be3 Rac8 17.Ng5 Rfd8 18.Bxc5 Rd5 19.Be3 h5 20.Qb3 e4 21.g4 
1-0

[Event "19th Asia-ch (w)"]
[Site "Al-Ain UAE"]
[Date "2015.08.05"]
[Round "4.19"]
[White "Khalaji, Hanieh"]
[Black "Hakimifard, Ghazal"]
[Result "1/2-1/2"]
[WhiteElo "1965"]
[BlackElo "2219"]
[EventDate "2015.08.02"]
[PlyCount "110"]

1.e4 c5 2.Nc3 a6 3.g3 b5 4.Bg2 Bb7 5.f4 e6 6.d3 Nf6 7.Nf3 d5 8.e5 Nfd7 9.
d4 Be7 10.Ne2 Nc6 11.Be3 Qa5+ 12.c3 b4 13.O-O O-O 14.g4 bxc3 15.bxc3 cxd4 
16.cxd4 Rfc8 17.a3 Qd8 18.f5 Na5 19.Nf4 Nc4 20.Bc1 Qb6 21.Kh1 Rc6 22.g5 
Rac8 23.g6 hxg6 24.fxe6 Rxe6 25.Nxe6 Qxe6 26.Ng5 Bxg5 27.Bxg5 Nf8 28.Qb3 
Qd7 29.Bh3 Ne6 30.Bxe6 fxe6 31.Rf3 Nxe5 32.dxe5 d4 33.Kg1 Bd5 34.Qd1 Bxf3 
35.Qxf3 Rf8 36.Qe4 Rf5 37.Bh4 g5 38.Bg3 Qa4 39.Qd3 Rf8 40.Rd1 Rb8 41.Qxd4 
Qxa3 42.Qd6 Qb3 43.Qd3 Qa2 44.Rf1 Rb2 45.Qf3 a5 46.Qa8+ Kh7 47.Qe4+ Kg8 
48.Bf2 Re2 49.Qg6 Rc2 50.Qxg5 a4 51.Qg6 a3 52.Bh4 Qb3 53.Qf7+ Kh7 54.Qh5+ 
Kg8 55.Qf7+ Kh7 1/2-1/2

[Event "19th Asia-ch (w)"]
[Site "Al-Ain UAE"]
[Date "2015.08.05"]
[Round "4.20"]
[White "Mir Mahmoud, Afamia"]
[Black "Shamima, Akter Liza"]
[Result "0-1"]
[WhiteElo "1949"]
[BlackElo "2155"]
[EventDate "2015.08.02"]
[PlyCount "62"]

1.d4 d5 2.c4 dxc4 3.Nf3 Nf6 4.e3 e6 5.Bxc4 c5 6.O-O Nc6 7.Qe2 cxd4 8.Rd1 
Be7 9.exd4 O-O 10.Nc3 Na5 11.Bd3 b6 12.Bg5 Bb7 13.Ne5 Nd5 14.Bxe7 Qxe7 15.
Nxd5 Bxd5 16.Rac1 Rac8 17.Rc3 Rxc3 18.bxc3 g6 19.Be4 Bxe4 20.Qxe4 Rc8 21.
Qe3 Nc4 22.Nxc4 Rxc4 23.Rd3 Qf6 24.Qe2 Qg5 25.Re3 Qb5 26.g3 Qc6 27.Qd3 Ra4
28.Qd2 Qc4 29.Rf3 Rxa2 30.Qc1 Qa6 31.Qf4 Ra1+ 0-1

[Event "19th Asia-ch (w)"]
[Site "Al-Ain UAE"]
[Date "2015.08.05"]
[Round "4.21"]
[White "Al-Rufei, Eman Hassane"]
[Black "Nouman, Amna"]
[Result "1-0"]
[WhiteElo "2088"]
[BlackElo "1935"]
[EventDate "2015.08.02"]
[PlyCount "71"]

1.e4 e5 2.Nf3 Nc6 3.Bc4 Bc5 4.c3 Nf6 5.d3 d6 6.O-O a6 7.Bg5 h6 8.Bh4 Ba7 
9.Bb3 g5 10.Bg3 Bg4 11.h3 Bh5 12.Nbd2 g4 13.hxg4 Bxg4 14.Bh4 Rg8 15.Nc4 
Rg6 16.Ne3 Qd7 17.Bxf6 Rxf6 18.Nxg4 Qxg4 19.Nh2 Qh4 20.Qg4 Qxg4 21.Nxg4 
Rg6 22.Ne3 Kd7 23.Bxf7 Rg7 24.Bb3 Ne7 25.Kh2 Rf8 26.Rad1 h5 27.d4 exd4 28.
cxd4 c6 29.f4 Rf6 30.Rf3 b5 31.f5 Ng8 32.e5 Nh6 33.exf6 Ng4+ 34.Nxg4 Rxg4 
35.Be6+ Ke8 36.f7+ 1-0

[Event "19th Asia-ch (w)"]
[Site "Al-Ain UAE"]
[Date "2015.08.05"]
[Round "4.22"]
[White "Chu Ruotong"]
[Black "Ezizova, Bagul"]
[Result "1-0"]
[WhiteElo "2048"]
[BlackElo "1518"]
[EventDate "2015.08.02"]
[PlyCount "111"]

1.d4 c6 2.c4 d5 3.cxd5 cxd5 4.Bf4 Nf6 5.e3 e6 6.Nc3 Be7 7.h3 O-O 8.Nf3 Nc6
9.Bd3 Bd7 10.O-O Rc8 11.Rc1 h6 12.Ne5 Nxe5 13.dxe5 Ne8 14.Qg4 Bg5 15.Bxg5 
Qxg5 16.Nxd5 Rxc1 17.Rxc1 Qxe5 18.Ne7+ Kh8 19.Qg6 Nf6 20.Qxf7 Rxf7 21.Ng6+
Kg8 22.Nxe5 Rf8 23.Nxd7 Nxd7 24.Rc7 Ne5 25.Be4 Rf7 26.Rc8+ Rf8 27.Bxb7 
Rxc8 28.Bxc8 Kf7 29.Ba6 Nc6 30.Kf1 e5 31.Ke2 Kf6 32.Bb7 Nb8 33.Kd3 g6 34.
Kc4 Ke6 35.Kc5 g5 36.Bc8+ Ke7 37.Kd5 Ke8 38.Bf5 Na6 39.Kxe5 Ke7 40.Bd3 Nc5
41.Bc4 Nb7 42.Kd5 Nd6 43.Bd3 Kd7 44.b4 Nb7 45.f4 gxf4 46.exf4 Nd6 47.g4 
Nf7 48.h4 Nd6 49.g5 hxg5 50.fxg5 Ne8 51.Bb5+ Ke7 52.Bxe8 Kxe8 53.Ke6 Kd8 
54.g6 Kc7 55.g7 Kc6 56.g8=Q 1-0

[Event "19th Asia-ch (w)"]
[Site "Al-Ain UAE"]
[Date "2015.08.05"]
[Round "4.23"]
[White "Liu Manli"]
[Black "Faqih, Asil"]
[Result "1-0"]
[WhiteElo "1995"]
[BlackElo "1599"]
[EventDate "2015.08.02"]
[PlyCount "65"]

1.e4 e6 2.d4 d5 3.Nd2 c5 4.exd5 exd5 5.Ngf3 Nc6 6.dxc5 Bxc5 7.Bd3 Nf6 8.
O-O O-O 9.Nb3 Bd6 10.h3 Be6 11.c3 Qc7 12.Nbd4 Nxd4 13.Nxd4 a6 14.Bg5 Nd7 
15.Bc2 b5 16.f4 Nc5 17.Qf3 f6 18.Bh4 Bf7 19.Nf5 Rfe8 20.Qg4 Ne6 21.Nxd6 
Qxd6 22.Bxf6 g6 23.f5 Nf8 24.Bd4 h5 25.Qg5 Nh7 26.Qh6 Qf8 27.Qxf8+ Nxf8 
28.fxg6 Bxg6 29.Rxf8+ Rxf8 30.Bxg6 h4 31.Re1 Rab8 32.Re7 b4 33.Bh7# 1-0

[Event "19th Asia-ch (w)"]
[Site "Al-Ain UAE"]
[Date "2015.08.05"]
[Round "4.24"]
[White "Al-Attar, Ghaya"]
[Black "Al-Gildah, Nibal"]
[Result "1-0"]
[WhiteElo "1913"]
[BlackElo "1920"]
[EventDate "2015.08.02"]
[PlyCount "96"]

1.e4 g6 2.Nf3 Bg7 3.g3 d6 4.Bg2 c5 5.d3 Nc6 6.O-O Qb6 7.c3 Nf6 8.h3 O-O 9.
Re1 Rb8 10.Nbd2 a6 11.Nf1 Qc7 12.d4 cxd4 13.cxd4 e6 14.Rb1 b6 15.Qc2 Bb7 
16.Bd2 Rfc8 17.Rbc1 Qd8 18.Qb1 d5 19.e5 Nd7 20.N1h2 b5 21.Ng4 Qb6 22.Kh1 
a5 23.h4 h5 24.Ngh2 Ne7 25.g4 hxg4 26.Nxg4 Nf5 27.Be3 b4 28.b3 Ba6 29.Bf1 
Bxf1 30.Rxf1 Bf8 31.Qd3 Be7 32.Nh6+ Nxh6 33.Bxh6 Kh7 34.Bg5 Bxg5 35.Nxg5+ 
Kg7 36.Qf3 Rf8 37.Qg4 Rh8 38.Kg2 Rbe8 39.Qf4 Ref8 40.Qg4 Re8 41.Rfe1 Rh5 
42.Re3 Nf8 43.Rf3 Re7 44.Qf4 Qa7 45.Qf6+ Kg8 46.Rc8 Qd7 47.Ra8 Qb7 48.Rd8 
Qc7 1-0

[Event "19th Asia-ch (w)"]
[Site "Al-Ain UAE"]
[Date "2015.08.05"]
[Round "4.25"]
[White "Hj Azahari, Siti Nur Fatimah"]
[Black "Al-Zarouni, Kholoud Essa"]
[Result "1/2-1/2"]
[WhiteElo "2073"]
[BlackElo "1840"]
[EventDate "2015.08.02"]
[PlyCount "66"]

1.e4 e5 2.Nf3 Nc6 3.Nc3 Nf6 4.d4 exd4 5.Nxd4 Bb4 6.Nxc6 bxc6 7.Bd3 d5 8.
exd5 cxd5 9.O-O O-O 10.Bg5 c6 11.Qf3 Rb8 12.h3 Bd6 13.b3 h6 14.Bxf6 Qxf6 
15.Qxf6 gxf6 16.Ne2 Kh8 17.Ng3 Rg8 18.Nf5 Bxf5 19.Bxf5 Rgd8 20.Rfe1 Rb7 
21.Re2 Re7 22.Rxe7 Bxe7 23.Re1 Bd6 24.g3 Kg7 25.Kg2 Kf8 26.f4 Bc7 27.Kf3 
Re8 28.Rxe8+ Kxe8 29.g4 Ba5 30.Ke2 Bc7 31.Kf3 Ba5 32.Ke2 Bc7 33.Ke3 Ba5 
1/2-1/2

[Event "19th Asia-ch (w)"]
[Site "Al-Ain UAE"]
[Date "2015.08.05"]
[Round "4.26"]
[White "Antonova, Nadezhda"]
[Black "Alymbay, Kyzy Aizhan"]
[Result "1-0"]
[WhiteElo "2011"]
[BlackElo "1903"]
[EventDate "2015.08.02"]
[PlyCount "124"]

1.d4 d5 2.Nf3 Nf6 3.e3 e6 4.Bd3 c6 5.Nbd2 Bd6 6.Ne5 Nbd7 7.f4 c5 8.c3 b6 
9.O-O Bb7 10.Qf3 g6 11.Qh3 O-O 12.Ndf3 Kg7 13.Ng5 Qe7 14.Ng4 Nh5 15.Ne5 
Bxe5 16.dxe5 Nxe5 17.Be2 h6 18.fxe5 hxg5 19.g4 Qc7 20.gxh5 Qxe5 21.e4 Rh8 
22.Qg3 Qxg3+ 23.hxg3 dxe4 24.Bxg5 f5 25.Rad1 gxh5 26.Rd7+ Kg6 27.Bf4 Rh7 
28.Rxh7 Kxh7 29.Bxh5 Kg7 30.Rd1 Bd5 31.c4 Bc6 32.Be5+ Kf8 33.Kf2 Ke7 34.
Ke3 Be8 35.Be2 Bg6 36.a3 a6 37.Rd6 Rb8 38.Rxe6+ Kxe6 39.Bxb8 Kd7 40.g4 
fxg4 41.Bxg4+ Kc6 42.Bc8 a5 43.Be6 b5 44.Bd5+ Kb6 45.Bd6 bxc4 46.Bxc4 Kc6 
47.Be7 a4 48.Kf4 Bh7 49.Bf7 Kb5 50.Be8+ Kc4 51.Bxa4 Kd4 52.Bc2 c4 53.Bf6+ 
Kc5 54.Bxe4 Bg8 55.Bc3 Bf7 56.Ke5 Be8 57.Bb4+ Kb5 58.Kd6 Kb6 59.Bd5 Bb5 
60.Ke5 Ka7 61.Kd4 Be8 62.Bxc4 Bc6 1-0